00417nam a2200121Ia 4500008004100000245007600041260004500117260000900162300000700171650002300178650001200201856008200213170516s9999 xx 000 0 und d aEmerging roles for telemedicine and smart technologies in dementia care bSmart Homecare Technology and TeleHealth c2015 a3: xMedical Technology xMedtech uhttps://www.dovepress.com/smart-homecare-technology-and-telehealth-i1018-j140